| 000 | 00628nam a2200229Ia 4500 | ||
|---|---|---|---|
| 003 | OSt | ||
| 005 | 20221006164553.0 | ||
| 006 | a|||||r|||| 00| 0 | ||
| 007 | ta | ||
| 008 | 221006b |||||||| |||| 00| 0 hin d | ||
| 024 | _a4,986 | ||
| 037 | _cTextual | ||
| 040 |
_aFML _cFML _bhin |
||
| 041 |
_2hin _ahin |
||
| 082 | _aP1517, 3, J4 | ||
| 100 |
_aTiwari Uday Narayan Au. _9676752 |
||
| 245 | 0 | _aBhojpuri Bhasha Aur Sahitya | |
| 260 |
_aPatna _bBihar Rastrabhasha Parishad India _c1954 |
||
| 300 |
_a360 _ccm. |
||
| 942 |
_hP1517, 3, J4 _cTEXL _2CC |
||
| 999 |
_c1117714 _d1117714 |
||